000 00687nam a2200289Ia 4500
005 20260324143743.0
008 008 260324s9999 xx 000 0 eng d
020 _a9780203066287
037 _aEBOOK
040 _aCRL
040 _beng
040 _cCRL
041 _2eng
041 _aeng
084 _qCRL
100 _aE. Cashmore; E. McLaughlin
_91216794
245 0 _aOut of Order? (Routledge Revivals)
245 0 _bPolicing Black People
260 _bTaylor and Francis
260 _c1991
365 _a
365 _b240
856 _uhttp://www.taylorfrancis.com/books/9780203066287
942 _cEBOOK
999 _c1822580
_d1822580